[Event "Capablanca Memorial Premier II 39th"]
[Site "Havana"]
[Date "2004.05.18"]
[Round "12"]
[White "Borriss, Martin"]
[Black "Borges Matos, Juan R"]
[Result "1-0"]
[WhiteElo "2441"]
[BlackElo "2426"]
[PlyCount "51"]
[EventDate "2004.05.06"]
[EventType "tourn"]
[EventRounds "13"]
[EventCountry "CUB"]
[EventCategory "8"]
[SourceTitle "CBM 100 Extra"]
[Source "ChessBase"]
[SourceDate "2004.07.06"]
[SourceVersion "2"]
[SourceVersionDate "2004.07.06"]
[SourceQuality "1"]

1. e4 e6 2. d4 d5 3. Nc3 a6 4. Be3 Nf6 5. e5 Nfd7 6. f4 c5 7. Nf3 Nc6 8. Qd2 Be7 9. dxc5 Nxc5 10. Be2 b5 11. a3 Bb7 12. Rd1 Qc7 13. 0-0 0-0 14. Qe1 b4 15. axb4 Nxb4 16. Nd4 Ne4 17. Nxe4 dxe4 18. Qg3 Nxc2 19. Nxc2 Qxc2 20. Rd7 Rfe8 21. f5 exf5 22. e6 f6 23. Bh5 f4 24. Rxf4 Qb3 25. Bf7+ Kh8 26. Rh4 1-0

[Event "Capablanca Memorial Premier II 39th"]
[Site "Havana"]
[Date "2004.05.17"]
[Round "11"]
[White "Kallio, Heikki"]
[Black "Borriss, Martin"]
[Result "1-0"]
[WhiteElo "2484"]
[BlackElo "2441"]
[PlyCount "99"]
[EventDate "2004.05.06"]
[EventType "tourn"]
[EventRounds "13"]
[EventCountry "CUB"]
[EventCategory "8"]
[SourceTitle "CBM 100 Extra"]
[Source "ChessBase"]
[SourceDate "2004.07.06"]
[SourceVersion "2"]
[SourceVersionDate "2004.07.06"]
[SourceQuality "1"]

1. e4 c5 2. Nf3 d6 3. Bb5+ Bd7 4. Bxd7+ Qxd7 5. 0-0 Nc6 6. d3 g6 7. Nc3 Bg7 8. Bg5 h6 9. Bh4 e6 10. Qd2 Nge7 11. Rae1 g5 12. Bg3 f5 13. exf5 exf5 14. Nd5 0-0-0 15. Nxe7+ Nxe7 16. h3 Nc6 17. c3 Rhg8 18. Qe2 Rde8 19. Qd1 f4 20. Rxe8+ Rxe8 21. Bh2 d5 22. Kh1 Qf5 23. Bg1 h5 24. Nh2 Qg6 25. f3 d4 26. Qb3 dxc3 27. bxc3 Rd8 28. Rd1 b6 29. Qc4 Qf5 30. d4 Qd5 31. Qd3 cxd4 32. Qh7 Rd7 33. cxd4 g4 34. fxg4 hxg4 35. hxg4 Kb7 36. Qg6 a5 37. Nf3 a4 38. a3 Bf8 39. Qd3 Bd6 40. Rb1 Bc5 41. Rb5 Qd6 42. g5 Rd8 43. Qh7+ Rd7 44. Qe4 Qe7 45. Qxe7 Bxe7 46. d5 Na5 47. Rxb6+ Kc8 48. Ra6 Rxd5 49. g6 Kb7 50. Ra7+ 1-0

[Event "Capablanca Memorial Premier II 39th"]
[Site "Havana"]
[Date "2004.05.14"]
[Round "8"]
[White "Borriss, Martin"]
[Black "Rohl Montes, Juan Armando"]
[Result "1/2-1/2"]
[WhiteElo "2441"]
[BlackElo "2388"]
[PlyCount "101"]
[EventDate "2004.05.06"]
[EventType "tourn"]
[EventRounds "13"]
[EventCountry "CUB"]
[EventCategory "8"]
[SourceTitle "CBM 100 Extra"]
[Source "ChessBase"]
[SourceDate "2004.07.06"]
[SourceVersion "2"]
[SourceVersionDate "2004.07.06"]
[SourceQuality "1"]

1. e4 c5 2. Nf3 d6 3. d4 cxd4 4. Nxd4 Nf6 5. Nc3 a6 6. Be3 e5 7. Nb3 Be6 8. f3 Be7 9. Qd2 0-0 10. 0-0-0 Qc7 11. g4 Rc8 12. g5 Nh5 13. Kb1 Nd7 14. Qf2 Qd8 15. h4 Rxc3 16. bxc3 Qc7 17. c4 a5 18. Nd2 b5 19. cxb5 Bxa2+ 20. Kb2 d5 21. c4 d4 22. Bxd4 exd4 23. Kxa2 Nc5 24. f4 Na4 25. Qxd4 Rd8 26. Qe3 Bb4 27. Be2 Nxf4 28. Nb1 Re8 29. Bf1 Ne6 30. h5 Qe5 31. Qb3 Nac5 32. Qc2 Nd4 33. Qb2 Ncb3 34. Nc3 Bxc3 35. Qxc3 Qc5 36. g6 fxg6 37. hxg6 Rf8 38. Rh2 a4 39. gxh7+ Kh8 40. Qd3 Qb4 41. e5 Qe7 42. Qe3 Rf3 43. Qe4 Nc1+ 44. Kb1 Rb3+ 45. Rb2 Rxb2+ 46. Kxb2 Qb4+ 47. Kxc1 Qc3+ 48. Kb1 Qb3+ 49. Kc1 Qc3+ 50. Kb1 Qb3+ 51. Kc1 1/2-1/2

[Event "Capablanca Memorial Premier II 39th"]
[Site "Havana"]
[Date "2004.05.11"]
[Round "6"]
[White "Borriss, Martin"]
[Black "Nogueiras Santiago, Jesus"]
[Result "0-1"]
[WhiteElo "2441"]
[BlackElo "2482"]
[PlyCount "129"]
[EventDate "2004.05.06"]
[EventType "tourn"]
[EventRounds "13"]
[EventCountry "CUB"]
[EventCategory "8"]
[SourceTitle "CBM 100 Extra"]
[Source "ChessBase"]
[SourceDate "2004.07.06"]
[SourceVersion "2"]
[SourceVersionDate "2004.07.06"]
[SourceQuality "1"]

1. e4 Nf6 2. e5 Nd5 3. d4 d6 4. Nf3 g6 5. Bc4 c6 6. 0-0 Bg7 7. Re1 0-0 8. Bb3 Bg4 9. h3 Bxf3 10. Qxf3 dxe5 11. dxe5 e6 12. Nd2 Nd7 13. Qg3 a5 14. a3 a4 15. Ba2 Ne7 16. Nf3 Nf5 17. Qf4 Qb6 18. g4 Ne7 19. Be3 Qc7 20. Bd2 Rad8 21. Rad1 b5 22. c4 Nc5 23. Bb4 Nd3 24. Bd6 Nxf4 25. Bxc7 Nxh3+ 26. Kf1 Rxd1 27. Rxd1 bxc4 28. Bd6 Rd8 29. Rc1 Nc8 30. Bc5 Nf4 31. Bxc4 Bf8 32. Be3 Nd5 33. Bg5 Nce7 34. Nd4 Rb8 35. Rc2 Bg7 36. Nf3 h6 37. Bc1 g5 38. Bd3 Nf4 39. Bxf4 gxf4 40. Rc4 Nd5 41. Rxa4 Rxb2 42. Rc4 Bf8 43. a4 Ra2 44. Be4 c5 45. Bd3 Be7 46. Be2 Nb6 47. Rxf4 Nxa4 48. Rc4 Nb6 49. Rc1 Ra4 50. Nd2 Bg5 51. Rb1 Rb4 52. Rxb4 cxb4 53. Nc4 Nd7 54. Bd1 Bf4 55. Ke2 Bxe5 56. Ke3 Bc7 57. Kd4 Kg7 58. f3 Nf6 59. Bc2 Nd5 60. Nd2 Bb6+ 61. Kd3 Kf6 62. Ba4 Ke5 63. Be8 f6 64. Nc4+ Kf4 65. Bf7 0-1

[Event "Capablanca Memorial Premier II 39th"]
[Site "Havana"]
[Date "2004.05.09"]
[Round "4"]
[White "Borriss, Martin"]
[Black "Zambrana, Oswaldo"]
[Result "1/2-1/2"]
[WhiteElo "2441"]
[BlackElo "2472"]
[PlyCount "103"]
[EventDate "2004.05.06"]
[EventType "tourn"]
[EventRounds "13"]
[EventCountry "CUB"]
[EventCategory "8"]
[SourceTitle "CBM 100 Extra"]
[Source "ChessBase"]
[SourceDate "2004.07.06"]
[SourceVersion "2"]
[SourceVersionDate "2004.07.06"]
[SourceQuality "1"]

1. e4 c5 2. Nf3 Nc6 3. d4 cxd4 4. Nxd4 Nf6 5. Nc3 e5 6. Ndb5 d6 7. Bg5 a6 8. Na3 b5 9. Nd5 Be7 10. Bxf6 Bxf6 11. c3 0-0 12. Nc2 Bg5 13. Be2 Ne7 14. Ncb4 a5 15. Nxe7+ Qxe7 16. Nd5 Qb7 17. a3 Be6 18. 0-0 Rfc8 19. Qd3 Bxd5 20. Qxd5 Qxd5 21. exd5 Rab8 22. g3 g6 23. h4 Bh6 24. h5 Bg7 25. Rfc1 e4 26. Rab1 Bh6 27. Rd1 b4 28. hxg6 hxg6 29. axb4 axb4 30. Ba6 bxc3 31. Bxc8 c2 32. Bg4 Rb5 33. Re1 Bd2 34. Rf1 cxb1Q 35. Rxb1 Rxd5 36. b4 Rb5 37. Bd7 Rxb4 38. Rxb4 Bxb4 39. Bc6 f5 40. g4 Bc5 41. gxf5 gxf5 42. Kf1 Kg7 43. f3 exf3 44. Bxf3 Kf6 45. Ke2 Ke5 46. Kd3 d5 47. Bh1 d4 48. Bb7 Kf4 49. Ke2 Bb6 50. Bc6 Bc5 51. Bb7 Bb6 52. Bc6 1/2-1/2

[Event "Bundesliga 0304"]
[Site "Germany"]
[Date "2004.03.08"]
[Round "11.5"]
[White "Dinstuhl, Volkmar"]
[Black "Borriss, Martin"]
[Result "1/2-1/2"]
[WhiteElo "2439"]
[BlackElo "2445"]
[PlyCount "100"]
[EventDate "2003.11.01"]
[EventType "team-tourn"]
[EventRounds "15"]
[EventCountry "GER"]
[SourceTitle "CBM 100"]
[Source "ChessBase"]
[SourceDate "2004.06.01"]
[SourceVersion "1"]
[SourceVersionDate "2004.06.01"]
[SourceQuality "1"]
[WhiteTeam "Wattenscheid"]
[BlackTeam "Neukoelln"]
[WhiteTeamCountry "GER"]
[BlackTeamCountry "GER"]

1. d4 Nf6 2. c4 g6 3. Nc3 Bg7 4. e4 d6 5. Nf3 0-0 6. Be2 e5 7. 0-0 Nc6 8. d5 Ne7 9. Nd2 Nd7 10. a3 f5 11. b4 Kh8 12. Bb2 Ng8 13. Qc2 Ngf6 14. Bd3 fxe4 15. Ncxe4 Nxe4 16. Nxe4 Nf6 17. Nxf6 Rxf6 18. Be4 Bf5 19. Rae1 Qd7 20. Bxf5 Rxf5 21. Re4 Raf8 22. Bc1 Bf6 23. Be3 h5 24. Qd2 Kh7 25. Rc1 Qd8 26. c5 Bg5 27. Bxg5 Rxg5 28. Rec4 Rgf5 29. cxd6 cxd6 30. f3 Rf4 31. Qe3 Rxc4 32. Rxc4 a6 33. f4 Rxf4 34. Rxf4 exf4 35. Qxf4 Kg7 36. h3 Qf6 37. Qc4 Kh6 38. Qc1+ g5 39. Qd1 Qf4 40. Qa1 Kg6 41. Qc3 g4 42. hxg4 hxg4 43. Qc8 Qe3+ 44. Kf1 Qd3+ 45. Kg1 Qd4+ 46. Kf1 Kg5 47. Qxb7 Qd1+ 48. Kf2 Qd2+ 49. Kf1 Qd1+ 50. Kf2 Qd2+ 1/2-1/2

[Event "Bundesliga 0304"]
[Site "Germany"]
[Date "2003.11.23"]
[Round "4.4"]
[White "Borriss, Martin"]
[Black "Graf, Alexander"]
[Result "1-0"]
[WhiteElo "2445"]
[BlackElo "2646"]
[PlyCount "101"]
[EventDate "2003.11.01"]
[EventType "team-tourn"]
[EventRounds "15"]
[EventCountry "GER"]
[SourceTitle "CBM 097 Extra"]
[Source "ChessBase"]
[SourceDate "2004.01.13"]
[SourceVersion "1"]
[SourceVersionDate "2004.01.13"]
[SourceQuality "1"]
[WhiteTeam "Neukoelln"]
[BlackTeam "Koeln Porz"]
[WhiteTeamCountry "GER"]
[BlackTeamCountry "GER"]

1. e4 e5 2. Nf3 Nc6 3. Bb5 a6 4. Ba4 Nf6 5. 0-0 Be7 6. Re1 b5 7. Bb3 d6 8. c3 0-0 9. h3 Na5 10. Bc2 c5 11. d4 Nc6 12. a4 b4 13. Nbd2 cxd4 14. cxd4 a5 15. Nc4 exd4 16. Nxd4 Nxd4 17. Qxd4 Be6 18. Nb6 Rb8 19. Be3 Qc7 20. Rac1 Qb7 21. Nc4 b3 22. Bd3 Qb4 23. Bd2 Qxa4 24. Ra1 Qc6 25. Nxa5 Qd7 26. Nc4 Rfe8 27. Bc3 Qc7 28. Ra6 Qc5 29. Nxd6 Qxd4 30. Bxd4 Red8 31. e5 Nd5 32. Ra7 Bxd6 33. exd6 Nb4 34. Rxe6 fxe6 35. Rxg7+ Kf8 36. Bxh7 Rbc8 37. Rg8+ Kf7 38. Rg7+ Kf8 39. d7 Rc1+ 40. Kh2 Nd5 41. Bg6 Rc4 42. Rf7+ Kg8 43. Be5 Rh4 44. g4 Rh6 45. Rg7+ Kf8 46. g5 Rh4 47. Rf7+ Kg8 48. Kg3 Ra4 49. Rh7 Kf8 50. Bf6 Nxf6 51. gxf6 1-0